Sociología aplicada/

Guardat en:
Dades bibliogràfiques
Autor principal: Fernández Esquinas, Manuel
Format: Llibre
Idioma:Spanish
Etiquetes: Afegir etiqueta
Sense etiquetes, Sigues el primer a etiquetar aquest registre!

MARC

LEADER 00000nam a22000007a 4500
003 cru CIDCACS/IIS
005 20180216151821.0
007 ta
008 180216s2006 sp |||||r||||||0| ||spa|d
999 |c 41025  |d 41025 
040 |c cru CIDCACS/IIS 
100 1 |9 6665  |a Fernández Esquinas, Manuel 
245 1 |a Sociología aplicada/  |c Manuel Fernández Esquinas 
300 |a páginas 11-39 
773 0 |0 40983  |9 1802  |a Centro de Investigaciones Sociológicas (España)  |d Madrid, España: CIS,  |o 18472  |t REIS:  |x 02105233 
942 |2 ddc  |c PP